Catálogo

Vista normal Vista MARC

Entrada Personal Name

Número de registros utilizados en: 3

001 - CONTROL NUMBER

  • control field: 2886

003 - CONTROL NUMBER IDENTIFIER

  • control field: DLC

005 - DATE AND TIME OF LATEST TRANSACTION

  • control field: 20260217130425.0

008 - FIXED-LENGTH DATA ELEMENTS

  • fixed length control field: 961007n| acannaabn |a aaa c

010 ## - LIBRARY OF CONGRESS CONTROL NUMBER

  • LC control number: no 96051659

035 ## - SYSTEM CONTROL NUMBER

  • System control number: (OCoLC)oca04178121

040 ## - CATALOGING SOURCE

  • Original cataloging agency: DJBF
  • Language of cataloging: spa
  • Transcribing agency: Mx-PuUPA
  • Modifying agency: OCoLC
  • Modifying agency: Mx-PuUPA
  • Description conventions: rda

046 ## - SPECIAL CODED DATES

  • Birth date: 19360524

100 1# - HEADING--PERSONAL NAME

  • Personal name: Fernández Arena, José Antonio,
  • Dates associated with a name: 1936-

370 ## - ASSOCIATED PLACE

  • Place of birth: Ciudad de México

372 ## - FIELD OF ACTIVITY

  • Field of activity: Administración
  • Field of activity: Auditoria

373 ## - ASSOCIATED GROUP

  • Associated group: Universidad Nacional Autónoma de México (UNAM)

374 ## - OCCUPATION

  • Occupation: Autor
  • Occupation: Profesor

375 ## - GENDER

  • Gender: hombre

377 ## - ASSOCIATED LANGUAGE

  • Language code: spa

400 1# - SEE FROM TRACING--PERSONAL NAME

  • Personal name: Arena, José Antonio Fernández
  • Dates associated with a name: 1936-

670 ## - SOURCE DATA FOUND

  • Source citation: Impact of foreign investment in Mexico, 1971:
  • Information found: p. iv (José Antonio Fernández Arena)

678 ## - BIOGRAPHICAL OR HISTORICAL DATA

  • Biographical or historical data: Biografía José Antonio Fernández Arena nació el 24 de mayo de 1936 en el Distrito Federal de México. Dedicó sus estudios profesionales a la administración y cursó Contaduría y Administración en la Universidad Nacional Autónoma de México (UNAM). José Antonio Fernández Arena fue uno de los expertos de la administración más importantes de México. Desde joven se interesó por la administración y la gerencia con el uso de matemáticas. Como muchos autores de la administración mexicanos del siglo XX, los conceptos de Fernández Arena tienen fuertes influencias europeas y norteamericanas.